[Event "FIDE Chesscom Grand Swiss 2019"]
[Site "Douglas-Isle of Man"]
[Date "2019.10.15"]
[Round "7.5"]
[White "Ponomariov, Ruslan"]
[Black "Van Foreest, Jorden"]
[Result "1/2-1/2"]
[WhiteElo "2675"]
[BlackElo "2621"]
[Annotator "TA"]
[PlyCount "118"]
[EventDate "2019.10.10"]
[EventType "swiss"]
[EventCountry "GBR"]
[SourceTitle "playchess.com"]
[Source "ChessBase"]
[SourceQuality "1"]

{[%evp 18,118,29,30,31,32,20,30,39,27,35,30,39,32,35,35,66,45,97,95,105,91,95,73,82,72,68,65,64,33,40,10,16,9,15,0,5,-85,-77,-150,-141,-135,-142,-420,-433,-416,-440,-416,-418,-313,-177,-303,-289,-268,-262,-256,-264,-240,-87,-206,0,-239,-143,-128,-175,-629,-623,-680,-606,-2433,0,0,0,0,0,0,0,0,0,0,0,0,0,0,0,0,0,0,0,0,0,0,0,0,0,0,0,0,0,0,0,0,0]} 1. e4 c5 2. Nf3 d6 3. d4 cxd4 4. Nxd4 Nf6 5. Nc3 a6 6. Be3 e5 7. Nb3 Be7 8. f3 Be6 9. Qd2 h5 10. Be2 Nbd7 {B90: Sicilian Najdorf: Unusual White 6th moves, 6 Be3 Ng4 and 6 Be3 e5} 11. Nd5 Bxd5 12. exd5 Qc7 {White has an edge.} (12... O-O 13. O-O Qb8 14. Kh1 Bd8 15. f4 Re8 16. c4 b5 17. fxe5 Nxe5 18. cxb5 axb5 {0-1 (46) Leko,P (2712)-Nepomniachtchi,I (2725) Danzhou 2016}) 13. c4 a5 14. Rc1 O-O 15. O-O g6 $146 ({Predecessor:} 15... a4 16. Na1 h4 17. Nc2 h3 {1-0 (72) Zemlyanov,S (2355)-Marchisotti,M (2311) ICCF email 2014}) 16. Na1 Bd8 17. Nc2 Qb8 (17... a4 $14) 18. Na3 $16 Bb6 19. Bxb6 Nxb6 20. Nb5 Nbd7 21. f4 Ne4 22. Qe3 f5 23. fxe5 Nxe5 24. Bf3 Nc5 25. b3 Qd8 26. a3 Re8 27. Qc3 (27. Bxh5 $11 Re7 28. Bxg6 Nxg6 29. Qg3) 27... a4 $1 $17 28. b4 (28. bxa4 $142 Rxa4 29. Be2) 28... Ncd3 29. Rc2 Rc8 $1 {[%cal Rc8c4]} 30. Qd4 $2 {[%mdl 8192] [#]} (30. Qd2 $17 {was forced.} Qb6+ 31. Kh1 Rxc4 32. Rxc4 Nxc4 33. Qxd3 Qxb5 34. Be2) 30... Ne1 $1 $19 {[%cal Re1c2][%mdl 576] Deflection} 31. Rxe1 Nxf3+ {[%mdl 64] Discovered Attack} 32. gxf3 Rxe1+ 33. Kf2 Re8 (33... Qe7 $142 {And now ...Re8 would win.} 34. Nxd6 Rf8) 34. c5 (34. Kf1 $142) 34... dxc5 35. bxc5 Qe7 $1 {[%cal Re7e1]} 36. Qc4 {Strongly threatening d6+.} Qe3+ 37. Kg2 Qg5+ $2 (37... Re5 $1 $19 {and Black stays clearly on top. ...h4! is the strong threat.} 38. d6+ Kg7) 38. Kf2 (38. Kf1 $17 Re3 39. d6+ Kg7 40. Qd4+ Kh7 41. Rc3) 38... Qe3+ 39. Kg2 {[#] Threatens to win with d6+.} h4 $1 40. d6+ $17 (40. Qxh4 Rxc5) 40... Kg7 {( -> ...h3+!)} 41. Qxh4 $2 (41. Qd4+ Re5 42. Qxe3 Rxe3 43. Kf2) 41... Rxc5 $19 42. Rxc5 Qxc5 43. d7 Qxb5 $2 ({Better is} 43... Re2+ $19 44. Kh3 Qe5 45. Qh8+ {[%mdl 64] Decoy} Kxh8 46. d8=Q+ {[#]} Kh7 $1 {[%mdl 512]} 47. Qc7+ Qxc7 48. Nxc7 Re3 {[%mdl 64] Double Attack}) 44. dxe8=N+ {The position is equal.} (44. dxe8=Q {keeps more tension.} Qxe8 45. Qd4+ Kh6 46. Qh4+ Kg7) 44... Qxe8 {[%mdl 4096] Endgame KQ-KQ} 45. Qd4+ Kf7 46. Qd5+ Kf6 47. Qxb7 Qe2+ 48. Kg3 f4+ {[%mdl 64] Decoy} (48... Qe1+ {seems wilder.} 49. Kh3 Qc3 50. Qb6+ Kg7 51. Qa7+ Kh6) 49. Kxf4 Qxh2+ 50. Ke3 Qe5+ 51. Qe4 Qc3+ 52. Qd3 Qxd3+ 53. Kxd3 $11 {KPP-KPP} Ke5 54. Ke3 g5 55. Kd3 Kd5 (55... Kf4 $5 56. Ke2 $8 Ke5 $11) 56. Kc3 Kc5 (56... Ke5 $5 57. Kd3 $8 Kf4 $11) 57. Kd3 Kd5 58. Kc3 Kc5 (58... Ke5 $5 59. Kd3 $8 Kf4 $11) 59. Kd3 Kd5 {Accuracy: White = 50%, Black = 56%.} 1/2-1/2

[Event "FIDE Chesscom Grand Swiss 2019"]
[Site "Douglas-Isle of Man"]
[Date "2019.10.17"]
[Round "7.6"]
[White "Kryvoruchko, Yuriy"]
[Black "Anand, Viswanathan"]
[Result "1/2-1/2"]
[WhiteElo "2669"]
[BlackElo "2765"]
[Annotator "TA"]
[PlyCount "93"]
[EventDate "2019.10.10"]
[EventType "swiss"]
[EventCountry "GBR"]
[SourceTitle "playchess.com"]
[Source "ChessBase"]
[SourceQuality "1"]

{[%evp 26,93,20,2,25,37,36,33,52,45,54,33,55,53,60,65,91,89,101,85,92,85,92,81,117,110,131,131,151,122,114,87,97,97,90,89,86,84,102,88,93,47,46,0,26,24,24,27,26,28,47,46,48,0,0,0,0,0,8,0,8,0,0,0,0,0,0,0,0,0]} 1. e4 c5 2. Nf3 e6 3. d4 cxd4 4. Nxd4 Nc6 5. Nc3 Qc7 6. Be2 a6 7. O-O Nf6 8. Be3 Be7 9. f4 d6 10. Qe1 Bd7 11. Kh1 b5 12. a3 O-O 13. Qg3 Kh8 14. Rad1 b4 {B85: Sicilian Scheveningen: 6 Be2 a6, lines with early Be3} 15. axb4 Nxb4 16. e5 dxe5 {White is slightly better.} 17. fxe5 Nfd5 18. Nxd5 Nxd5 19. Bc1 $40 {[%mdl 128] White attacks.} Bc5 20. Bf3 $146 ({Predecessor:} 20. Bd3 f5 21. Bc4 Bxd4 22. Rxd4 {½-½ (31) Knezevic,B (2420)-Djuric,S (2520) Belgrade 1998}) 20... Rac8 {[#]} 21. Be4 $1 f5 {[#]} 22. Nxe6 $1 {[%mdl 576] Remove Defender} Bxe6 23. Bxd5 Bxd5 24. Rxd5 Be7 25. c3 Qc6 26. Qd3 Qe6 27. Ra5 Rc6 28. Qd5 Qxd5 29. Rxd5 Kg8 30. Be3 Rb8 31. Rd7 Bc5 32. Bc1 g6 33. g4 fxg4 34. Rf6 Rxf6 35. exf6 $11 {[%mdl 4096] Endgame Hoping for Bh6. KRB-KRB} Rf8 $1 36. b4 Bf2 $1 ({Don't go for} 36... Rxf6 $2 37. bxc5 h5 38. Kg2 $18) 37. Bg5 {Threatens to win with Kg2.} h6 $1 {[%cal Rh6g5]} 38. Bxh6 Rxf6 39. Kg2 Be1 {The position is equal.} 40. Rg7+ Kf8 $1 41. Rc7+ Ke8 42. Be3 Kd8 43. Ra7 {And now Bg5 would win.} Rc6 44. Bd4 Bxc3 45. Bxc3 Rxc3 46. Rxa6 Rb3 47. Rxg6 {Accuracy: White = 49%, Black = 64%.} 1/2-1/2

[Event "FIDE Chesscom Grand Swiss 2019"]
[Site "Douglas-Isle of Man"]
[Date "2019.10.15"]
[Round "7.6"]
[White "Nihal Sarin"]
[Black "Bacrot, Etienne"]
[Result "1/2-1/2"]
[WhiteElo "2610"]
[BlackElo "2671"]
[Annotator "TA"]
[PlyCount "77"]
[EventDate "2019.10.10"]
[EventType "swiss"]
[EventCountry "GBR"]
[SourceTitle "playchess.com"]
[Source "ChessBase"]
[SourceQuality "1"]

{[%evp 17,77,7,0,6,11,0,0,0,0,-11,0,0,0,0,0,0,0,0,42,20,32,36,34,32,28,0,29,0,27,0,38,36,54,56,42,23,68,59,81,12,19,13,19,11,13,0,0,0,0,0,0,0,0,0,0,0,0,0,0,0,0,0]} 1. e4 e5 2. Nf3 Nf6 3. d4 Nxe4 4. Bd3 d5 5. Nxe5 Nd7 6. Nxd7 Bxd7 7. O-O Bd6 8. Nc3 Nxc3 9. bxc3 O-O {[#]} 10. Qh5 $1 {[%csl Gd3][%cal Rh5h7][%mdl 512] C43: Petroff Defence: 3 d4} f5 $1 11. Re1 c6 12. Bg5 Qc7 13. Re3 {White wants to play Rh3.} g6 14. Qh4 Rae8 15. Rae1 Rxe3 16. Rxe3 Rf7 (16... Re8 17. c4 Rxe3 18. Bxe3 {1-0 (44) Nepomniachtchi,I (2771)-Yu,Y (2761) Astana 2019}) 17. c4 b6 {[#]} 18. h3 $146 Qb8 19. c3 Bh2+ 20. Kh1 Bd6 21. Kg1 Bh2+ 22. Kh1 Bd6 23. a4 Qc7 (23... f4 $5 {[%cal Rf4e3]} 24. Re1 f3 $11) 24. Bf6 Qc8 25. Be5 Be7 26. Qf4 Be6 27. cxd5 Bxd5 {[#]} 28. c4 (28. h4 $1 $16) 28... Be4 $1 $11 {The position is equal.} 29. Bxe4 fxe4 30. Qxe4 {Black must now prevent f4.} Rxf2 31. d5 Bc5 32. Re1 Qf8 33. dxc6 Rf1+ 34. Rxf1 Qxf1+ 35. Kh2 Qg1+ $1 36. Kg3 Qf2+ $1 37. Kh2 Qg1+ 38. Kg3 Qf2+ $1 39. Kh2 {Accuracy: White = 40%, Black = 68%.} 1/2-1/2

[Event "FIDE Chesscom Grand Swiss 2019"]
[Site "Douglas-Isle of Man"]
[Date "2019.10.15"]
[Round "7.7"]
[White "Berkes, Ferenc"]
[Black "L'Ami, Erwin"]
[Result "1/2-1/2"]
[WhiteElo "2667"]
[BlackElo "2619"]
[Annotator "TA"]
[PlyCount "101"]
[EventDate "2019.10.10"]
[EventType "swiss"]
[EventCountry "GBR"]
[SourceTitle "playchess.com"]
[Source "ChessBase"]
[SourceQuality "1"]

{[%evp 21,101,22,13,9,25,0,0,0,0,-1,19,-12,-13,-13,-13,-22,-15,-32,-34,-30,-34,-47,-41,-51,-56,-55,-43,-54,0,0,3,3,8,-51,-29,-92,-75,-65,-74,-78,-89,-207,-140,-300,-292,-289,-268,-275,-58,-76,-30,-31,-25,-36,-35,-45,0,0,0,0,0,0,0,0,0,0,0,0,0,0,0,0,0,0,0,-8,0,0,0,0,0,0]} 1. d4 d5 2. Nf3 Nf6 3. g3 c6 4. c4 g6 5. Bg2 Bg7 6. cxd5 cxd5 7. Nc3 O-O 8. Ne5 e6 9. O-O Nfd7 10. Nf3 Nc6 11. Bf4 Qb6 {[%cal Rc6d4]} 12. Na4 {D79: Fianchetto Grünfeld: Symmetrical Variation (6 0-0 c6 7 cxd5 cxd5)} Qa5 (12... Qa6 13. Nc3 {½-½ (15) Howell,D (2644)-Piorun,K (2665) Germany 2017}) 13. Bd2 Qa6 $146 ({Predecessor:} 13... Qd8 14. Bg5 {½-½ (16) Wojtkiewicz,A (2510)-Jasnikowski,Z (2460) Mikolajki 1991}) 14. e3 b5 15. Nc3 {[%cal Ba4c3,Bc3e2,Be2f4][%mdl 32]} Nb6 16. b3 b4 $36 {[%mdl 2048] Black has good play.} 17. Ne2 Nd7 18. Nf4 Qb6 19. h4 a5 20. Re1 Ba6 21. Rc1 Nf6 22. Bh3 Rfe8 23. Bf1 Bxf1 24. Kxf1 e5 (24... Ne4 $15) 25. dxe5 $11 Nxe5 26. Nxe5 Rxe5 27. Re2 (27. f3 $11) 27... h6 $15 28. Qc2 (28. a3 $11 {remains equal.}) 28... g5 $1 $17 {[%cal Rg5f4]} 29. hxg5 hxg5 30. Nd3 Re6 31. Be1 (31. f3 $17) 31... Ne4 32. Kg2 $2 {[#]} (32. f3 $17 Nc3 33. Bxc3 bxc3 34. e4) 32... Rae8 $1 $19 33. Qc7 {intending Qxb6.} Qb5 34. Qc2 Bc3 $2 ({Black should play} 34... d4 $19 {aiming for ...Nc3.} 35. exd4 {[#]} Nxf2 $1 {[%mdl 512]} 36. Rxf2 Bxd4) 35. f3 $15 {a4 is the strong threat.} Bxe1 (35... Rh6 $5 {[%cal Rb5d7]} 36. fxe4 dxe4 37. Nxb4 (37. Nf2 $2 Qf5 $19) 37... Qf5 $19) 36. Rexe1 Nc3 37. Nf2 $1 d4 38. e4 $1 {[#]} f5 $1 {[%mdl 512] Threatens to win with ...g4!} 39. Qd2 {The position is equal.} (39. exf5 Rxe1) 39... fxe4 40. fxe4 Nxe4 41. Qxd4 Qb7 42. Kg1 Nc3 43. Rxe6 Rxe6 44. Qd8+ Kf7 {Hoping for ...Ne2+.} 45. Qd3 Ke8 {Strongly threatening ...Ne2+.} ({Don't go for} 45... Ne2+ $2 46. Kf1 $18) 46. Rc2 Qd7 47. Qf3 Ke7 48. a3 Qd4 49. axb4 axb4 50. Qd3 Qxd3 51. Nxd3 {Accuracy: White = 48%, Black = 68%.} 1/2-1/2

[Event "FIDE Chesscom Grand Swiss 2019"]
[Site "Douglas-Isle of Man"]
[Date "2019.10.17"]
[Round "7.7"]
[White "Fedoseev, Vladimir"]
[Black "Karjakin, Sergey"]
[Result "1/2-1/2"]
[WhiteElo "2664"]
[BlackElo "2760"]
[Annotator "TA"]
[PlyCount "95"]
[EventDate "2019.10.10"]
[EventType "swiss"]
[EventCountry "GBR"]
[SourceTitle "playchess.com"]
[Source "ChessBase"]
[SourceQuality "1"]

{[%evp 15,95,19,21,11,25,11,22,27,31,32,29,21,35,11,31,32,33,18,38,28,34,33,39,14,39,32,44,35,35,34,35,38,38,37,43,25,25,31,32,39,52,35,36,13,42,39,37,16,25,14,14,6,5,2,11,11,13,-15,0,0,0,-6,0,0,7,0,30,24,32,32,35,35,35,35,35,35,35,35,35,35,35,35]} 1. d4 Nf6 2. c4 e6 3. Nf3 d5 4. g3 Bb4+ 5. Bd2 Be7 6. Bg2 O-O 7. O-O Nbd7 8. Qc2 c6 9. Rc1 {E11: Bogo-Indian} Re8 10. Be1 $146 ({Predecessor:} 10. a3 a5 11. Bf4 Ne4 12. Nc3 g5 13. Be3 Nd6 14. b3 Nf5 15. Qd3 g4 16. Nd2 Nxe3 17. Qxe3 {½-½ (51) Ding,L (2805)-Karjakin,S (2748) Zagreb 2019}) 10... Bd6 11. Nbd2 {The position is equal.} h6 12. Rd1 Qe7 13. Rac1 a5 14. Nh4 Qf8 15. a3 Kh8 16. h3 Qg8 17. e3 g5 18. Nhf3 Qh7 19. Qa4 Nb6 20. Qb3 Nbd7 21. Qc3 a4 22. Ne5 Bc7 23. Nd3 Kg8 24. Qc2 h5 25. f4 g4 26. h4 Nb6 27. b4 axb3 28. Qxb3 Nbd7 29. Ne5 Ba5 30. Kh2 Ra7 31. Nd3 Nb6 32. c5 Nbd7 {[%cal Bb6d7,Bd7f8,Bf8g6][%mdl 32]} 33. Nb4 Nf8 34. Bf2 Bd7 35. Re1 Rea8 36. Rc3 Qg7 37. Qb2 Ng6 38. Rb3 Ne7 39. Ra1 Bc8 40. e4 dxe4 41. Nxe4 Nxe4 42. Bxe4 {White is slightly better.} f5 43. Bc2 Bxb4 44. Rxb4 Nd5 45. Rb3 Qc7 46. Bd3 Ra4 47. Kg1 Kf8 48. Kg2 {Accuracy: White = 66%, Black = 62%.} 1/2-1/2

[Event "FIDE Chesscom Grand Swiss 2019"]
[Site "Douglas-Isle of Man"]
[Date "2019.10.17"]
[Round "7.8"]
[White "Shirov, Alexei"]
[Black "Wojtaszek, Radoslaw"]
[Result "1/2-1/2"]
[WhiteElo "2664"]
[BlackElo "2748"]
[Annotator "TA"]
[PlyCount "61"]
[EventDate "2019.10.10"]
[EventType "swiss"]
[EventCountry "GBR"]
[SourceTitle "playchess.com"]
[Source "ChessBase"]
[SourceQuality "1"]

{[%evp 26,61,20,24,43,31,32,23,27,31,23,24,38,0,0,0,0,0,0,0,0,0,0,0,0,0,0,0,8,0,5,0,0,0,0,0,0,0]} 1. e4 e5 2. Nf3 Nc6 3. Bb5 a6 4. Ba4 Nf6 5. O-O Be7 6. Re1 b5 7. Bb3 O-O 8. c3 d5 9. exd5 Nxd5 10. Nxe5 Nxe5 11. Rxe5 c6 12. d3 Bd6 13. Re1 Bf5 14. Qf3 Bg6 {C89: Closed Ruy Lopez: Marshall Attack} 15. Bxd5 cxd5 16. Bf4 d4 {White has an edge.} 17. cxd4 Bb4 18. Nc3 Qxd4 {[#]} 19. Rac1 $146 ({Predecessor:} 19. Be5 Qxd3 20. Re3 Qc4 21. Nd5 Rad8 22. Nxb4 Qxb4 {½-½ (29) Wei,Y (2735)-Inarkiev,E (2690) Magas 2018}) 19... Qxd3 {The position is equal.} 20. Qxd3 Bxd3 21. a3 Bxc3 22. Rxc3 Bc4 23. b3 Be6 24. f3 Rac8 25. Rec1 Rxc3 26. Rxc3 Rc8 27. Rxc8+ Bxc8 $11 {KB-KB} 28. Kf2 b4 29. axb4 Be6 30. b5 axb5 31. b4 {Accuracy: White = 73%, Black = 72%.} 1/2-1/2

[Event "FIDE Chesscom Grand Swiss 2019"]
[Site "Douglas-Isle of Man"]
[Date "2019.10.15"]
[Round "7.8"]
[White "Erdos, Viktor"]
[Black "Nabaty, Tamir"]
[Result "1/2-1/2"]
[WhiteElo "2604"]
[BlackElo "2658"]
[Annotator "RC"]
[PlyCount "83"]
[EventDate "2019.10.10"]
[EventType "swiss"]
[EventCountry "GBR"]
[SourceTitle "playchess.com"]
[Source "ChessBase"]
[SourceQuality "1"]
[TimeControl "40/6000+30:20/3000+30:900+30"]

1. d4 {[%emt 0:00:00]} d5 {[%emt 0:00:19]} 2. c4 {[%emt 0:00:00]} dxc4 {[%emt 0:00:05]} 3. Nf3 {[%emt 0:00:00]} e6 {[%emt 0:00:43]} 4. e3 {[%emt 0:00:14]} b5 {[%emt 0:00:07]} 5. a4 {[%emt 0:00:08]} b4 {[%emt 0:00:06]} 6. Nbd2 {[%emt 0:00:14]} Nf6 {[%emt 0:00:14]} 7. Nxc4 {[%emt 0:00:13]} Bb7 {[%emt 0:00:20]} 8. Bd3 {[%emt 0:01:17]} c5 {[%emt 0:00:32]} 9. O-O {[%emt 0:06:21]} Be7 {[%emt 0:04:59]} 10. dxc5 {[%emt 0:04:55]} Bxc5 {[%emt 0:00:43]} 11. Qe2 {[%emt 0:03:53]} Nc6 {[%emt 0:05:47]} 12. b3 {[%emt 0:16:36]} Qc7 {[%emt 0:08:57]} 13. Bb2 {[%emt 0:03:38]} O-O {[%emt 0:02:19]} 14. Ng5 {[%emt 0:21:27]} e5 {[%emt 0:38:01]} 15. Rac1 {[%emt 0:07:20]} Rad8 {[%emt 0:02:34]} 16. Qc2 {[%emt 0:14:52]} h6 {[%emt 0:01:19]} 17. Nh7 {[%emt 0:05:29]} Nxh7 {[%emt 0:02:50]} 18. Bxh7+ {[%emt 0:00:04]} Kh8 {[%emt 0:00:04]} 19. Be4 {[%emt 0:00:08]} Rfe8 {[%emt 0:07:15]} 20. Rfd1 {[%emt 0:08:28]} Rc8 {[%emt 0:01:08]} 21. Bf5 {[%emt 0:02:39]} Rcd8 {[%emt 0:00:21]} 22. Be4 {[%emt 0:05:21]} Rc8 {[%emt 0:04:31]} 23. h3 {[%emt 0:02:20]} Qe7 {[%emt 0:07:50]} 24. Bf5 {[%emt 0:04:22]} Rc7 {[%emt 0:00:46]} 25. Qe2 {[%emt 0:00:14]} g6 {[%emt 0:06:45]} 26. Be4 {[%emt 0:01:14]} Kh7 {[%emt 0:00:53]} 27. Bd5 {[%emt 0:01:03]} f6 {[%emt 0:02:50]} 28. Nd2 {[%emt 0:00:41]} Rd8 {[%emt 0:00:59]} 29. Ne4 {[%emt 0:00:33]} Bb6 {[%emt 0:00:39]} 30. Qb5 {[%emt 0:00:35]} f5 {[%emt 0:01:34]} 31. Nc5 {[%emt 0:00:27]} Nd4 {[%emt 0:01:12]} 32. exd4 {[%emt 0:00:26]} Rxd5 {[%emt 0:01:17]} 33. a5 {[%emt 0:00:08]} Bxc5 {[%emt 0:05:32]} 34. dxc5 {[%emt 0:00:10]} Bc6 {[%emt 0:00:44]} 35. Qe2 {[%emt 0:00:23]} Rcd7 {[%emt 0:00:44]} 36. Rxd5 {[%emt 0:00:47]} Rxd5 {[%emt 0:00:02]} 37. f3 {[%emt 0:00:37]} Rxc5 {[%emt 0:01:29]} 38. Qe3 {[%emt 0:00:12]} Rxc1+ {[%emt 0:00:37]} 39. Qxc1 {[%emt 0:00:03]} Bd5 {[%emt 0:01:40]} 40. Qe3 {[%emt 0:00:11]} g5 {[%emt 0:00:38]} 41. Qxe5 {[%emt 0:50:34]} Qxe5 {[%emt 0:50:07]} 42. Bxe5 {[%emt 0:00:03]} 1/2-1/2

[Event "FIDE Chesscom Grand Swiss 2019"]
[Site "Douglas-Isle of Man"]
[Date "2019.10.15"]
[Round "7.9"]
[White "Demchenko, Anton"]
[Black "Narayanan.S.L"]
[Result "0-1"]
[WhiteElo "2655"]
[BlackElo "2611"]
[Annotator "TA"]
[PlyCount "78"]
[EventDate "2019.10.10"]
[EventType "swiss"]
[EventCountry "GBR"]
[SourceTitle "playchess.com"]
[Source "ChessBase"]
[SourceQuality "1"]

{[%evp 9,78,14,10,0,0,0,18,5,26,20,12,14,29,33,31,52,45,22,39,17,103,79,78,72,81,79,101,100,93,96,120,125,125,127,142,59,69,69,64,64,64,60,60,60,60,62,62,64,87,6,56,47,67,57,58,6,6,8,49,-5,-9,-437,-439,-404,-396,-483,-483,-483,-483,-464,-455]} 1. e4 c5 2. Nf3 d6 3. Bb5+ Nd7 4. d4 cxd4 5. Qxd4 a6 6. Be2 {B51: Sicilian: Moscow Variation (3 Bb5+) without 3...Bd7} (6. Bxd7+ Bxd7 7. Bg5 h6 8. Bh4 Qa5+ 9. Nc3 e5 10. Qd3 g5 11. Bg3 Nf6 12. h4 g4 13. Nd2 Rc8 14. h5 Be6 {0-1 (23) Duda,J (2729)-Vachier Lagrave,M (2775) Paris 2019}) 6... Ngf6 7. O-O g6 8. Rd1 {The position is equal.} Bg7 9. Nc3 O-O 10. e5 dxe5 11. Nxe5 Nh5 12. f4 $36 {[%mdl 2048] White is pushing.} Nhf6 13. Be3 $146 ({Predecessor:} 13. Bf3 Qc7 {½-½ (13) Lucena,S-Da Cunha,M (2410) Cabo Frio 1984}) 13... Qc7 14. Bf3 Rb8 (14... Nxe5 $11 15. fxe5 (15. Qxe5 Qxe5 16. fxe5 Ng4 $15 {[%mdl 64] Double Attack}) 15... Nd7) 15. a4 e6 16. Qc4 Qxc4 17. Nxc4 b5 18. axb5 axb5 19. Nd6 {aiming for Ba7.} b4 20. Ncb5 Nb6 {[#]} 21. Nc7 $1 h5 22. Bd4 (22. Bc5 $16) 22... Nfd5 $1 $14 {[%cal Rd5c7]} 23. Bxd5 Bxd4+ 24. Rxd4 Nxd5 25. Nxd5 exd5 26. Rxd5 Be6 27. Rd4 Rb6 28. Rad1 Ra8 {[#]} 29. b3 (29. Nc4 $1 $16 {[%cal Rc4b6]} Rb7 30. Ne3) 29... Ra2 30. Nc4 Rc6 $1 31. Ne3 $1 Bf5 $1 32. Rxb4 (32. Rc1 $14) 32... Bxc2 $11 33. Rd2 Rc3 34. Nf1 (34. Nxc2 $14 Rcxc2 35. Rxc2 Rxc2 36. h4) 34... Ra1 {...Bd3 is the strong threat.} 35. Rc4 $2 {[%mdl 8192] [#]} (35. Kf2 $11 {and White stays safe.}) 35... Bd3 $1 $19 {[%mdl 512]} 36. Rxd3 Rxd3 37. Kf2 Ra2+ {Black is clearly winning.} 38. Kg1 Rxb3 39. Rc1 Rbb2 {Accuracy: White = 47%, Black = 76%.} 0-1

[Event "FIDE Chesscom Grand Swiss 2019"]
[Site "Douglas-Isle of Man"]
[Date "2019.10.17"]
[Round "7.9"]
[White "Adhiban, B.."]
[Black "Nakamura, Hikaru"]
[Result "1/2-1/2"]
[WhiteElo "2639"]
[BlackElo "2745"]
[Annotator "TA"]
[PlyCount "60"]
[EventDate "2019.10.10"]
[EventType "swiss"]
[EventCountry "GBR"]
[SourceTitle "playchess.com"]
[Source "ChessBase"]
[SourceQuality "1"]

{[%evp 23,60,29,31,24,37,37,31,23,37,25,50,48,45,31,20,35,19,23,31,24,17,20,29,18,19,12,16,6,20,0,0,0,0,0,0,0,0,0,0]} 1. d4 d5 2. c4 dxc4 3. Nf3 Nf6 4. e3 e6 5. Bxc4 a6 6. O-O c5 7. b3 cxd4 8. Nxd4 Be7 9. Bb2 O-O 10. Be2 Bd7 11. Nd2 Nc6 12. Bf3 Rc8 13. Nc4 {D27: Queen's Gambit Accepted: Classical main line: 7 e4!? and 7 a4} (13. Qe2 Nxd4 14. Bxd4 Bc6 15. Bxc6 {½-½ (15) Dreev,A (2662)-Timofeev,A (2598) Cheboksary 2016}) 13... b5 14. Nxc6 Bxc6 15. Qxd8 {White is slightly better.} Bxd8 16. Bxc6 bxc4 17. Bb7 Rb8 18. Bxa6 cxb3 {[#]} 19. Be5 $146 ({Predecessor:} 19. a4 Ne4 20. f3 Bf6 21. Bxf6 Nxf6 {½-½ (37) Sulava,N (2521)-Karpatchev,A (2493) Calvi 2009}) 19... Rb6 {[#] aiming for ...b2.} 20. axb3 Rxb3 21. Rfb1 (21. Rfd1 {with more complications.} Be7 22. h3 Rb6 23. Bc4 Rb7 24. Be2) 21... Rxb1+ 22. Rxb1 {Hoping for Bd6.} Be7 23. Bd4 Rd8 {The position is equal.} 24. Bb7 Nd7 25. Bc6 Bf6 26. Bxd7 Rxd7 27. Rb8+ Rd8 28. Rxd8+ Bxd8 29. e4 f5 30. exf5 exf5 1/2-1/2